000 00409nam a2200145Ia 4500
008 220217s9999||||xx |||||||||||||| ||und||
020 _a81-7808-491-0
082 _a006.3 LUG
100 _aLuger, George, F
245 0 _aArtificial intelligence: structures and strategies for compl
250 _a4th
260 _aPearson education asia
_bDelhi
_c2001
300 _b350
650 _aCOMPUTER NETWORK
999 _c168009
_d168009